| 000 | 00539nam a22001817a 4500 | ||
|---|---|---|---|
| 999 |
_c60496 _d60496 |
||
| 003 | Ge_BSU | ||
| 005 | 20230808103337.0 | ||
| 008 | 230808s1961 enk||||| |||| 00| 0 eng d | ||
| 041 | _aeng | ||
| 080 | _a94(32) A-31 | ||
| 100 |
_aAldred, Cyril _919630 |
||
| 245 |
_aThe Egyptians / _cCyril Aldred; General edit. Glyn Daniel. |
||
| 264 |
_aLondon : _bThames and Hudson, _c1961. |
||
| 300 |
_a267 p.; _b21 cm. |
||
| 653 | _aეგვიპტელები | ||
| 700 |
_aDaniel, Glyn _eრედაქტორი _919631 |
||
| 942 |
_2udc _cBK |
||